000 00452nam a2200145Ii 4500
003 JO-AjNU
008 230605s9999||||xx |||||||||||||| ||und||
040 _aJO-AjNU
_bara
_erda
_cJO-AjNU
041 _aara
100 3 _aالطيطي،خضر مصباح,
_eauthor
_933131
245 0 0 _aمخرج/بموجب مستند اخراجات رقم 44
336 _atext
_btxt
_2rdacontent
337 _aunmediated
_bn
_2rdamedia
338 _avolume
_bnc
_2rdacarrier
999 _aA13453
_c17021
_d17021